Metafísica del sentimiento

Պահպանված է:
Մատենագիտական մանրամասներ
Հիմնական հեղինակ: Roldan, Alejandro (Հեղինակ)
Ձևաչափ: Գիրք
Լեզու:իսպաներեն
Հրապարակվել է: Madrid Consejo Superior de Investigaciones Científicas 1956
Խորագրեր:
Ցուցիչներ: Ավելացրեք ցուցիչ
Չկան պիտակներ, Եղեք առաջինը, ով նշում է այս գրառումը!

MARC

LEADER 00000nam a2200000 a 4500
001 UCG1784
003 CL-VaPUC
008 100520e19560000SP |||||||||||||||||spa|d
082 0 4 |a 152.4  |b ROL  |2 21 
100 0 |a Roldan, Alejandro  |e author  |9 549796 
245 1 0 |a Metafísica del sentimiento 
300 |a 494 p 
942 |c BK 
945 |d 20100520 00:00:00  |a rbrito 
260 |a Madrid  |b Consejo Superior de Investigaciones Científicas  |c 1956 
650 0 |a Sentimientos   |9 334266 
650 0 |a Emociones   |9 265224 
650 7 |a PSICOLOGIA AFECTIVA  |2 CL-VaPUC  |9 549797 
650 0 |a Afectividad  |9 334265 
650 0 |a Agrado   |9 549798 
583 |a last modification  |c 20100520 00:00:00  |k Rodrigo Vera 
999 |c 341047  |d 341045 
952 |0 0  |1 0  |4 0  |6 152_400000000000000_ROL_1956  |7 0  |8 P  |9 436264  |a BIBEDU  |b BIBEDU  |c BIBEDU_PB  |d 2019-11-22  |i 467569K  |o 152.4 ROL 1956  |p 467569K  |r 2024-01-25  |w 2019-11-22  |y BK  |k EPE